000 00436nam a2200181Ia 4500
005 20250423100558.0
008 250422s9999 xx 000 0 und d
020 _a9789785072600
050 _aDT 515.846 .A34/
100 _aAdeniyi, Olusegun
245 0 _aPower, Politics and Death
260 _aNigeria
260 _bPrestige
260 _c2011
300 _a294 p
650 _aNigeria--Politics and government
942 _cBK
999 _c33731
_d33731